<?xml version="1.0" encoding="UTF-8"?>
<record
    xmlns:xsi="http://www.w3.org/2001/XMLSchema-instance"
    xsi:schemaLocation="http://www.loc.gov/MARC21/slim http://www.loc.gov/standards/marcxml/schema/MARC21slim.xsd"
    xmlns="http://www.loc.gov/MARC21/slim">

  <leader>00779cam1a220021700 4500</leader>
  <controlfield tag="001">lce00705069</controlfield>
  <controlfield tag="008">700601s1970    nyu           000 0 eng  </controlfield>
  <datafield tag="010" ind1=" " ind2=" ">
    <subfield code="a">   70102299</subfield>
  </datafield>
  <datafield tag="020" ind1=" " ind2=" ">
    <subfield code="c">5.95</subfield>
  </datafield>
  <datafield tag="035" ind1=" " ind2=" ">
    <subfield code="a">(Sirsi) r106874</subfield>
  </datafield>
  <datafield tag="035" ind1=" " ind2=" ">
    <subfield code="a">(DLC)   70102299</subfield>
  </datafield>
  <datafield tag="035" ind1=" " ind2=" ">
    <subfield code="a">(UPRA)lce00705069</subfield>
  </datafield>
  <datafield tag="050" ind1="0" ind2=" ">
    <subfield code="a">HN65</subfield>
    <subfield code="b">.G63</subfield>
  </datafield>
  <datafield tag="082" ind1=" " ind2=" ">
    <subfield code="a">309.1/73</subfield>
  </datafield>
  <datafield tag="100" ind1="1" ind2=" ">
    <subfield code="a">Goodman, Paul, 1911-1972.</subfield>
    <subfield code="d">Goodman, Paul, 1911-1972.</subfield>
    <subfield code="6">A5485.1</subfield>
  </datafield>
  <datafield tag="245" ind1="1" ind2="0">
    <subfield code="a">New reformation;</subfield>
    <subfield code="b">notes of a neolithic conservative.</subfield>
  </datafield>
  <datafield tag="260" ind1=" " ind2=" ">
    <subfield code="a">New York,</subfield>
    <subfield code="b">Random House</subfield>
    <subfield code="c">[1970]</subfield>
  </datafield>
  <datafield tag="651" ind1=" " ind2="0">
    <subfield code="a">United States -- Social conditions -- 1960-1980.</subfield>
    <subfield code="x">United States -- Social conditions -- 1960-1980.</subfield>
    <subfield code="y">United States -- Social conditions -- 1960-1980.</subfield>
    <subfield code="6">S2836.1</subfield>
  </datafield>
  <datafield tag="949" ind1=" " ind2=" ">
    <subfield code="a">HN65</subfield>
    <subfield code="w">lcc</subfield>
    <subfield code="i">-152164</subfield>
    <subfield code="m">MAIN</subfield>
    <subfield code="t">BOOK</subfield>
    <subfield code="l">ON-SHELF</subfield>
  </datafield>
  <controlfield tag="004">106874</controlfield>
  <datafield tag="999" ind1=" " ind2=" ">
    <subfield code="c">171116</subfield>
    <subfield code="d">171116</subfield>
  </datafield>
</record>
